[Event "Ch City"]
[Site "masterchessopen.com - Kazan (Russia)"]
[Date "2008.11.25"]
[Round "3"]
[White "Muravev Konstantin (RUS)"]
[Black "Kamov Igor (RUS)"]
[Result "0-1"]
[WhiteElo "2185"]
[BlackElo "2260"]

1.d4 Nf6 2.c4 c5 3.d5 e6 4.Nc3 exd5 5.cxd5 d6 6.g3 g6 7.Bg2 Bg7 8.Nf3 O-O
9.O-O Re8 10.Nd2 a6 11.a4 Nbd7 12.Nc4 Nb6 13.Nxb6 Qxb6 14.h3 Qc7 15.Bf4 Bd7
16.e4 Nh5 17.Be3 b5 18.axb5 axb5 19.Rxa8 Rxa8 20.g4 b4 21.Ne2 Nf6 22.e5 Ne8
23.e6 Bb5 24.Re1 Bxb2 25.Qc2 Ra1 26.Rxa1 Bxa1 27.exf7+ Qxf7 28.Nf4 Be5 29.Ne6
Qa7 30.Be4 Qa1+ 31.Bc1 b3 32.Qb1 b2 33.Bg5 Bc4 {#R} 0-1

[Event "Ch Israel (team)"]
[Site "masterchessopen.com - Israel"]
[Date "2008.12.12"]
[Round "1"]
[White "Porat Ido (ISR)"]
[Black "Nabaty Tamir (ISR)"]
[Result "1-0"]
[WhiteElo "2363"]
[BlackElo "2456"]

1.d4 Nf6 2.c4 c5 3.d5 e6 4.Nc3 exd5 5.cxd5 d6 6.g3 g6 7.Bg2 Bg7 8.Nf3 O-O
9.O-O a6 10.a4 Nbd7 11.Nd2 Re8 12.h3 Nh5 13.Nce4 Ne5 14.f4 f5 15.fxe5 fxe4
16.e6 Nxg3 17.Rf7 Bd4+ 18.Kh2 Bxe6 19.dxe6 Rxe6 20.Rxb7 Qh4 21.Nc4 Nf5 22.e3
Qg3+ 23.Kh1 Nh4 24.Qg4 Qe1+ 25.Kh2 Qf2 26.Qxe6+ Kh8 27.Qxe4 Rf8 28.exd4 Nf3+
29.Qxf3 Rxf3 30.Bh6 {#r} 1-0

[Event "Ch Hungary (team) 2008/09"]
[Site "masterchessopen.com - Hungary"]
[Date "2009.01.11"]
[Round "5"]
[White "Nemeth Denes (HUN)"]
[Black "Restas Peter (HUN)"]
[Result "0-1"]
[WhiteElo "2134"]
[BlackElo "2301"]

1.d4 Nf6 2.c4 e6 3.g3 c5 4.d5 exd5 5.cxd5 d6 6.Nc3 g6 7.Bg2 Bg7 8.Nf3 O-O
9.O-O a6 10.a4 Re8 11.Nd2 Nbd7 12.Nc4 Ne5 13.Nxe5 Rxe5 14.e4 Re8 15.h3 Nd7
16.Re1 Rb8 17.Bf1 Qc7 18.f4 c4 19.e5 b5 20.axb5 axb5 21.Be3 Nc5 22.b4 Na6
23.exd6 Qd7 24.Bd4 Rxe1 25.Qxe1 Bxd4+ {#R} 0-1

[Event "It (cat.7)"]
[Site "masterchessopen.com - Budapest (Hungary)"]
[Date "2009.02.11"]
[Round "5"]
[White "Ilincic Zlatko (SRB)"]
[Black "Szalanczy Emil (HUN)"]
[Result "1-0"]
[WhiteElo "2479"]
[BlackElo "2318"]

1.d4 c5 2.d5 e6 3.c4 exd5 4.cxd5 d6 5.Nc3 g6 6.g3 Bg7 7.Bg2 Nf6 8.Nf3 O-O
9.O-O Re8 10.Nd2 a6 11.a4 Nbd7 12.a5 b5 13.axb6 Nxb6 14.e4 Rb8 15.h3 Re5
16.Re1 Qe8 17.Nf3 Re7 18.Bf4 Nc4 19.Bf1 Rb4 20.Bxc4 Rxc4 21.Bxd6 Rexe4 22.Nxe4
Rxe4 23.Be5 Rxe1+ 24.Qxe1 Qd7 25.Rd1 h6 26.Qc3 Ne4 27.Qe3 Nf6 28.Qxc5 Qxh3
29.Rc1 Bg4 30.Nh2 Bf5 31.Qc4 Kh7 32.Re1 g5 33.d6 Kg6 34.Bxf6 Bxf6 35.g4 Be6
36.Qe4+ Kg7 37.Re3 Qh4 38.Kg2 {#r} 1-0

[Event "Czech League 2008/09 (2nd) (b)"]
[Site "masterchessopen.com - Czech Republic"]
[Date "2009.02.22"]
[Round "9"]
[White "Dolezal Radoslav (CZE)"]
[Black "Stockova Zuzana (SVK)"]
[Result "1-0"]
[WhiteElo "2396"]
[BlackElo "2413"]

1.d4 Nf6 2.c4 e6 3.g3 c5 4.d5 d6 5.Bg2 exd5 6.cxd5 g6 7.Nc3 Bg7 8.Nf3 O-O
9.O-O Re8 10.Nd2 Nbd7 11.a4 a6 12.a5 b5 13.axb6 Nxb6 14.Nb3 Bf5 15.f3 Nc4
16.e4 Bd7 17.Rf2 Bb5 18.Bf1 Nd7 19.Kh1 Ndb6 20.Qc2 Qd7 21.Ra2 Ne5 22.Na5 Bxf1
23.Rxf1 f5 24.Bf4 Kh8 25.Kg2 fxe4 26.fxe4 Rf8 27.Qe2 Qc8 28.Nd1 Nbd7 29.Ne3
Qc7 30.Nec4 Rfe8 31.Bxe5 Nxe5 32.Nxe5 Bxe5 33.Nc4 Bd4 34.Ra3 Qe7 35.Raf3 Kg8
36.Rf4 Rab8 37.h4 h6 38.Qg4 Bh8 39.Qxg6+ Bg7 40.Nxd6 Red8 41.Nf5 {#r} 1-0

[Event "Ch Paulista (team)"]
[Site "masterchessopen.com - Sao Paulo (Brazil)"]
[Date "2009.02.28"]
[Round "1"]
[White "Coelho Luis (BRA)"]
[Black "Garcia Manuel V (BRA)"]
[Result "1-0"]
[WhiteElo "2389"]
[BlackElo "2258"]

1.d4 Nf6 2.c4 e6 3.g3 c5 4.d5 exd5 5.cxd5 d6 6.Nc3 g6 7.Nf3 Bg7 8.Bg2 O-O
9.O-O a6 10.a4 Re8 11.Nd2 Nbd7 12.h3 Rb8 13.Nc4 Ne5 14.Na3 Nh5 15.e4 Bh8
16.Kh2 Bd7 17.a5 b5 18.axb6 Rxb6 19.f4 Bb5 20.Naxb5 axb5 21.fxe5 Bxe5 22.Ne2
c4 23.Ra7 {#r} 1-0

[Event "Ch City"]
[Site "masterchessopen.com - Rybinsk (Russia)"]
[Date "2009.03.25"]
[Round "10"]
[White "Ustinov Mikhail (RUS)"]
[Black "Voropanov Oleg (RUS)"]
[Result "1-0"]
[WhiteElo "2288"]
[BlackElo "2124"]

1.d4 Nf6 2.c4 e6 3.Nc3 c5 4.d5 exd5 5.cxd5 d6 6.Nf3 g6 7.g3 Bg7 8.Bg2 O-O
9.O-O a6 10.a4 Nbd7 11.Nd2 Re8 12.h3 Rb8 13.Nc4 Ne5 14.Na3 Nh5 15.e4 f5
16.exf5 Bxf5 17.g4 Bxg4 18.hxg4 Qh4 19.gxh5 Rf8 20.h6 Bh8 21.Qe1 Rbe8 22.Qe3
Nf3+ 23.Qxf3 Rxf3 24.Bxf3 Rf8 25.Kg2 Bd4 26.Ne4 Rxf3 27.Kxf3 Qh5+ 28.Kg2 Qxd5
29.Re1 Qe6 30.Bf4 Bxb2 31.Nxd6 {#r} 1-0

[Event "It (open)"]
[Site "masterchessopen.com - Nis (Serbia)"]
[Date "2009.03.26"]
[Round "2"]
[White "Pavlovic Dragoljub (SRB)"]
[Black "Trickovic Vladimir (SRB)"]
[Result "1-0"]
[WhiteElo "2279"]
[BlackElo "1999"]

1.d4 Nf6 2.c4 c5 3.d5 e6 4.Nc3 exd5 5.cxd5 d6 6.g3 g6 7.Bg2 Bg7 8.Nf3 O-O
9.O-O Re8 10.Nd2 a6 11.a4 Nbd7 12.Qb3 Qc7 13.a5 Rb8 14.Nc4 b5 15.axb6 Nxb6
16.Na5 Nbxd5 17.Nxd5 Qxa5 18.Qxb8 Qxa1 19.Bg5 Nd7 20.Qxc8 Qxf1+ 21.Kxf1 Rxc8
22.Ne7+ Kf8 23.Nxc8 Bxb2 24.Nxd6 f6 25.Bd2 Ba3 26.Nc4 Bb4 27.Ke1 Ke7 28.Bb7 a5
29.Nxa5 {#r} 1-0

[Event "Regionalliga Bayern North-West 2008/09"]
[Site "masterchessopen.com - Bayern (Germany)"]
[Date "2009.03.29"]
[Round "9"]
[White "Ortlauf Erwin"]
[Black "Lichtinger Bernd (GER)"]
[Result "1-0"]
[WhiteElo "1895"]
[BlackElo "2143"]

1.d4 Nf6 2.c4 c5 3.d5 e6 4.Nc3 exd5 5.cxd5 d6 6.g3 g6 7.Bg2 Bg7 8.Nf3 O-O
9.O-O Re8 10.Nd2 a6 11.a4 Nbd7 12.h3 Rb8 13.Nc4 Qc7 14.Na3 b6 15.Kh2 Qd8 16.f4
Nf8 17.e4 Bb7 18.Bf3 h6 19.Qd3 N8d7 20.Bd2 Nh7 21.Rae1 Bc8 22.Rf2 g5 23.Rfe2
gxf4 24.gxf4 Qh4 25.Bg2 Kh8 26.Nc4 Ndf6 27.Nxd6 Ng4+ 28.Kh1 Rf8 29.Rf1 Bd4
30.Be1 Qh5 31.Nxc8 Rbxc8 32.Qf3 Ngf6 33.e5 Qxf3 34.Bxf3 Nd7 35.Bg4 Rc7 36.Bh4
Re8 37.Ne4 Kg8 38.Nd6 Rb8 39.Bf5 Kg7 40.Rg2+ Ng5 41.fxg5 Nxe5 42.gxh6+ Kxh6
43.Bg5+ Kh5 44.Rf4 Ng6 45.Bxg6+ Kxg6 46.Bd8+ {#r} 1-0

[Event "Ch France (team) (nat.1) 2008/09"]
[Site "masterchessopen.com - France"]
[Date "2009.04.05"]
[Round "11"]
[White "Camus De Solliers Guillaume (FRA)"]
[Black "Laurent Julien G (FRA)"]
[Result "1-0"]
[WhiteElo "2356"]
[BlackElo "2320"]

1.d4 Nf6 2.c4 e6 3.Nf3 c5 4.d5 d6 5.Nc3 exd5 6.cxd5 g6 7.g3 Bg7 8.Bg2 O-O
9.O-O a6 10.a4 Nbd7 11.Nd2 Re8 12.h3 Rb8 13.Nc4 Ne5 14.Na3 Nh5 15.e4 Rf8
16.Kh2 f5 17.f4 b5 18.axb5 axb5 19.Naxb5 fxe4 20.Bxe4 Qd7 21.Bg2 Rxb5 22.fxe5
Rxf1 23.Qxf1 Rb8 24.e6 Qe8 25.Ra7 Be5 26.Qf7+ Qxf7 27.exf7+ Kf8 28.Bh6+ Ng7
29.Ne4 Bb7 30.Ng5 Bxb2 31.Bf1 Bf6 32.Ne6+ Kxf7 33.Bxg7 Bxg7 34.Rxb7+ Rxb7
35.Nd8+ Ke7 36.Nxb7 Bc3 37.Bb5 Bb4 38.Kg2 c4 39.Bxc4 {#r} 1-0

[Event "Ch Mongolia"]
[Site "masterchessopen.com - Ulan Bator (Mongolia)"]
[Date "2009.04.16"]
[Round "9"]
[White "Batchuluun Cegmed (MGL)"]
[Black "Batsaikhan Ts (MGL)"]
[Result "1-0"]
[WhiteElo "2384"]
[BlackElo "2068"]

1.d4 Nf6 2.c4 e6 3.Nc3 c5 4.d5 exd5 5.cxd5 d6 6.Nf3 g6 7.g3 Bg7 8.Bg2 a6 9.a4
O-O 10.O-O Re8 11.Nd2 Nbd7 12.h3 Nh5 13.Nde4 Ne5 14.g4 Bxg4 15.hxg4 Nxg4
16.Bg5 f6 17.Bh4 g5 18.Bf3 Qd7 19.e3 f5 20.Nxg5 Bf6 21.Bxg4 fxg4 22.Ne6 Kh8
23.Bxf6+ Nxf6 24.e4 Qf7 25.Qd2 Nd7 26.Qf4 Qh5 27.Qh2 {#r} 1-0

[Event "Ch Argentina (1/2 final)"]
[Site "masterchessopen.com - La Plata (Argentina)"]
[Date "2009.05.02"]
[Round "5"]
[White "Cuberli Emiliano (ARG)"]
[Black "Perez Ponsa Federico (ARG)"]
[Result "0-1"]
[WhiteElo "2147"]
[BlackElo "2390"]

1.d4 Nf6 2.Nf3 c5 3.d5 e6 4.c4 exd5 5.cxd5 d6 6.Nc3 g6 7.g3 Bg7 8.Bg2 O-O
9.O-O Re8 10.Nd2 a6 11.a4 Nbd7 12.Ra3 Rb8 13.a5 b5 14.axb6 Nxb6 15.e4 Ng4
16.Ne2 Bd7 17.f4 f5 18.h3 Nf6 19.e5 dxe5 20.fxe5 Rxe5 21.Nf4 Bb5 22.Nf3 Re4
23.Ng5 Bxf1 24.Qxf1 Nbxd5 25.Nxe4 fxe4 26.Ne6 Qe7 27.Qxa6 Re8 28.Nxg7 Kxg7
29.Bg5 Qe5 30.Bxf6+ Nxf6 31.Qe2 Rb8 32.Ra7+ Kh6 33.Qe3+ g5 34.h4 Rxb2 35.Ra6
Kg7 36.Qxg5+ Qxg5 37.hxg5 Rb1+ 38.Kh2 Ng4+ 39.Kh3 Nf2+ 40.Kh4 Rg1 41.Ra7+ Kf8
42.Ra8+ Ke7 43.Ra7+ Ke6 44.Rxh7 Rxg2 45.g6 Kf6 {#R} 0-1

[Event "It (open)"]
[Site "masterchessopen.com - Rome (Italy)"]
[Date "2009.05.16"]
[Round "3"]
[White "Sibilio Mario (ITA)"]
[Black "Bernardi Giancarlo (ITA)"]
[Result "1-0"]
[WhiteElo "2379"]
[BlackElo "1600"]

1.d4 Nf6 2.c4 g6 3.Nc3 Bg7 4.Nf3 d6 5.g3 O-O 6.Bg2 c5 7.d5 e6 8.O-O exd5
9.cxd5 Re8 10.Nd2 a6 11.a4 Nbd7 12.h3 Nf8 13.Nc4 Re7 14.e4 Ne8 15.f4 Bd7 16.e5
dxe5 17.fxe5 Bxe5 18.Nxe5 Rxe5 19.Bf4 Re7 20.Ne4 Bxh3 21.Bg5 Bxg2 22.Kxg2 Rxe4
23.Bxd8 Rxd8 24.Rxf7 Nd6 25.Qf3 Rde8 26.Rf1 Nxf7 27.Qxf7+ Kh8 28.d6 {#r} 1-0

[Event "It (open)"]
[Site "masterchessopen.com - Stillwater (USA)"]
[Date "2009.05.23"]
[Round "2"]
[White "Andrews Neil (USA)"]
[Black "Gatica Jose M (USA)"]
[Result "0-1"]
[WhiteElo "1824"]
[BlackElo "1931"]

1.d4 Nf6 2.c4 e6 3.g3 c5 4.d5 exd5 5.cxd5 d6 6.Bg2 g6 7.Nc3 Bg7 8.Nf3 O-O
9.O-O Re8 10.Nd2 a6 11.a4 Nbd7 12.e4 Ne5 13.Qc2 b6 14.h3 Nh5 15.Kh2 f5 16.f4
Nf7 17.e5 dxe5 18.d6 e4 19.Ndxe4 fxe4 20.Nxe4 Ra7 21.a5 Bd4 22.Qb3 b5 23.Ng5
c4 24.Qd1 Qxd6 25.Nxf7 Rxf7 26.Ra2 Rd8 27.Bf3 Ng7 28.b3 Bf5 29.bxc4 bxc4
30.Ba3 Qf6 31.Qa4 Bd3 32.Be2 Nf5 33.Bxd3 cxd3 34.Rd1 Qe6 35.Rad2 Bc3 {#R} 0-1

[Event "Ch Baden (open)"]
[Site "masterchessopen.com - Badenweiler (Germany)"]
[Date "2009.06.02"]
[Round "2"]
[White "Farmani Anosheh Armin (GER)"]
[Black "Schneider Bernd (GER)"]
[Result "0-1"]
[WhiteElo "2193"]
[BlackElo "2254"]

1.d4 Nf6 2.c4 e6 3.g3 c5 4.d5 exd5 5.cxd5 d6 6.Nc3 a6 7.a4 g6 8.Bg2 Bg7 9.Nf3
O-O 10.O-O Re8 11.Nd2 Nbd7 12.Nc4 Ne5 13.Nxe5 Rxe5 14.Bf4 Re8 15.h3 Rb8 16.Qd3
Nh5 17.Bd2 f5 18.Rfe1 Bd7 19.Bf3 Nf6 20.Bf4 Qc7 21.Kg2 Re7 22.Qd2 Rbe8 23.Bg5
b5 24.axb5 axb5 25.Qc1 b4 26.Nb1 Bb5 27.Qc2 h6 28.Be3 Ne4 29.Nd2 Ng5 30.h4
Nxf3 31.Nxf3 Qd7 32.Qd2 Kh7 33.Ng1 Re4 34.Nf3 f4 35.gxf4 Qg4+ 36.Kh2 Bd7
37.Rh1 Bd4 38.Nxd4 cxd4 39.Bxd4 Rxe2 40.Qd3 Qxf4+ 41.Kg1 Rd2 {#R} 0-1

[Event "Ch Bosnia & Herzegovina (team)"]
[Site "masterchessopen.com - Banja Vrucica (Bosnia & Herzegovina)"]
[Date "2009.06.07"]
[Round "2"]
[White "Bosiocic Marin (CRO)"]
[Black "Saric Ante (CRO)"]
[Result "0-1"]
[WhiteElo "2551"]
[BlackElo "2486"]

1.d4 Nf6 2.c4 e6 3.g3 c5 4.d5 exd5 5.cxd5 d6 6.Nc3 g6 7.Nf3 Bg7 8.Bg2 O-O
9.O-O Re8 10.Nd2 a6 11.a4 Nbd7 12.h3 Rb8 13.Nc4 Nb6 14.Na3 Bd7 15.Re1 Qc7
16.Rb1 Nc8 17.Bd2 Na7 18.b4 b5 19.axb5 Nxb5 20.Naxb5 Bxb5 21.Rc1 Nd7 22.Ne4 c4
23.Bc3 Bxc3 24.Rxc3 Re5 25.g4 Qb6 26.Nd2 Qc7 27.e4 Nb6 28.Nf3 Ree8 29.e5 Na4
30.Rce3 Nb2 31.Qd2 Nd3 32.exd6 Qxd6 33.Rxe8+ Bxe8 34.Rd1 Ba4 35.Ra1 Rxb4
36.Bf1 Qf4 37.d6 Qxf3 38.Rxa4 Rb1 39.Rxc4 Rxf1+ {#R} 0-1

[Event "It (open)"]
[Site "masterchessopen.com - Pula (Croatia)"]
[Date "2009.07.03"]
[Round "8"]
[White "Saric Ante (CRO)"]
[Black "Rukavina Josip (CRO)"]
[Result "1-0"]
[WhiteElo "2486"]
[BlackElo "2433"]

1.c4 Nf6 2.d4 e6 3.Nc3 c5 4.d5 exd5 5.cxd5 d6 6.Nf3 g6 7.g3 a6 8.a4 Bg7 9.Bg2
O-O 10.O-O Re8 11.Nd2 Nbd7 12.h3 Nh5 13.Nc4 Ne5 14.Na3 f5 15.Rb1 Bd7 16.b4
cxb4 17.Rxb4 Rc8 18.Bb2 Re7 19.Na2 a5 20.Rd4 Qb6 21.Ba1 Nf7 22.g4 fxg4 23.hxg4
Nf6 24.Nc4 Qa6 25.Ne3 Ne5 26.g5 Nh5 27.Re4 Ree8 28.Nc1 Nf7 29.Bxg7 Nxg7 30.Qd4
Nxg5 31.Rh4 b5 32.Nd3 b4 33.Qf6 Nf7 34.Be4 Qb6 35.Rxh7 Kxh7 36.Bxg6+ Kh8
37.Bxf7 {#r} 1-0

[Event "It (cat.5)"]
[Site "masterchessopen.com - St. Lo (France)"]
[Date "2009.07.09"]
[Round "4"]
[White "Bator Robert (SWE)"]
[Black "Ornstein Axel (SWE)"]
[Result "1-0"]
[WhiteElo "2403"]
[BlackElo "2424"]

1.d4 Nf6 2.Nf3 e6 3.c4 c5 4.d5 d6 5.g3 exd5 6.cxd5 g6 7.Nc3 Bg7 8.Bg2 O-O
9.O-O Re8 10.Nd2 a6 11.a4 Nbd7 12.Qc2 Rb8 13.a5 Ne5 14.b3 Nh5 15.Bb2 f5 16.e3
g5 17.Nc4 f4 18.exf4 gxf4 19.Rfe1 Rf8 20.Nxe5 Bxe5 21.Ne4 Bxb2 22.Qxb2 b5
23.axb6 Rxb6 24.Qc3 Rb4 25.Bf3 Nf6 26.Ng5 fxg3 27.hxg3 Qb6 28.Re3 Ng4 29.Nxh7
Nxe3 30.Qxe3 Kxh7 31.Qe7+ Kg8 32.Qg5+ Kh7 33.Re1 Qd8 34.Re7+ Qxe7 35.Qxe7+ Kg8
36.Be4 Rf7 37.Qxd6 Kg7 38.Qe5+ Rf6 39.g4 Rxe4 40.Qxe4 Bxg4 41.Qe7+ {#r} 1-0

[Event "It (open)"]
[Site "masterchessopen.com - Vlissingen (Netherlands)"]
[Date "2009.08.06"]
[Round "7"]
[White "Leenhouts Koen (NED)"]
[Black "Haast Anne (NED)"]
[Result "1-0"]
[WhiteElo "2413"]
[BlackElo "2158"]

1.d4 Nf6 2.c4 c5 3.d5 e6 4.Nc3 exd5 5.cxd5 d6 6.Nf3 g6 7.g3 Bg7 8.Bg2 O-O
9.O-O Re8 10.Nd2 a6 11.a4 Nbd7 12.h3 Nh5 13.Kh2 Ne5 14.f4 f5 15.Ra3 g5 16.e3
g4 17.fxe5 Bxe5 18.Ne2 Qg5 19.Nf4 Nxg3 20.Kxg3 gxh3+ 21.Kxh3 Qh6+ 22.Kg3 Kh8
23.Nf3 Rg8+ 24.Kf2 Qg7 25.Nxe5 dxe5 26.Bd2 {#r} 1-0

[Event "It (cat.2) (b)"]
[Site "masterchessopen.com - Olomouc (Czech Republic)"]
[Date "2009.08.11"]
[Round "7"]
[White "Porat Maya (ISR)"]
[Black "Klima Lukas (CZE)"]
[Result "0-1"]
[WhiteElo "2221"]
[BlackElo "2420"]

1.d4 Nf6 2.c4 e6 3.Nf3 c5 4.d5 exd5 5.cxd5 d6 6.Nc3 g6 7.g3 Bg7 8.Bg2 O-O
9.O-O Re8 10.Nd2 a6 11.a4 Nbd7 12.h3 Rb8 13.Nc4 Ne5 14.Na3 Nh5 15.e4 Bd7 16.a5
Qxa5 17.g4 Nf6 18.g5 Nh5 19.f4 Nc4 20.Nxc4 Qxa1 21.Nxd6 Bd4+ 22.Kh2 Bxc3
23.bxc3 Qxc3 24.Rf3 Qb4 25.Ba3 Qa5 26.Nxe8 Rxe8 27.e5 Nxf4 28.Rxf4 Qxa3
29.Rxf7 Kxf7 30.e6+ Rxe6 31.Qf1+ Ke8 32.dxe6 Bxe6 33.Qf6 Qa2 34.Qh8+ Bg8
35.Qe5+ Kd7 36.Qxc5 Qc4 37.Qf8 Bd5 38.Qg7+ Kc6 39.Qf7 Qa2 40.Qe6+ Kc5 41.Qe3+
Kd6 42.Qb6+ Kd7 {#R} 0-1

[Event "It (open)"]
[Site "masterchessopen.com - Brezova pod Bradlom (Slovakia)"]
[Date "2009.08.22"]
[Round "1"]
[White "Orosi Peter (SVK)"]
[Black "Vymazal Bronislav (CZE)"]
[Result "0-1"]
[WhiteElo "1902"]
[BlackElo "2338"]

1.d4 Nf6 2.c4 e6 3.Nf3 c5 4.d5 d6 5.Nc3 exd5 6.cxd5 g6 7.g3 Bg7 8.Bg2 O-O
9.O-O a6 10.a4 Re8 11.Nd2 Nbd7 12.h3 Rb8 13.Nc4 Ne5 14.Na3 Nh5 15.Kh2 Bd7
16.Ne4 f5 17.Nxd6 Bxa4 18.Qxa4 Qxd6 19.f4 b5 20.fxe5 Bxe5 21.Qc2 Nxg3 22.Rd1
Nxe2+ 23.Kh1 Ng3+ 24.Kh2 Ne2+ 25.Kh1 Bd4 26.Rd3 Ng3+ 27.Rxg3 Qxg3 {#R} 0-1

[Event "Match \"]
[Site "masterchessopen.com - Sochi (Russia)"]
[Date "2009.08.23"]
[Round "3"]
[White "Gunina Valentina (RUS)"]
[Black "Ju Wenjun (CHN)"]
[Result "0-1"]
[WhiteElo "2437"]
[BlackElo "2443"]

1.d4 Nf6 2.Nf3 g6 3.g3 Bg7 4.Bg2 O-O 5.O-O d6 6.c4 c5 7.d5 e6 8.Nc3 exd5
9.cxd5 a6 10.a4 Re8 11.Nd2 Nbd7 12.e4 Rb8 13.Nc4 Ne5 14.Nxe5 Rxe5 15.f4 Re8
16.e5 dxe5 17.fxe5 Rxe5 18.Bf4 Ng4 19.Bxe5 Bxe5 20.Qf3 Bf5 21.Kh1 Bd4 22.Rae1
Ne5 23.Qd1 Nc4 24.Qc1 Ne5 25.Qd1 b5 26.axb5 axb5 27.Qd2 Nc4 28.Qf4 Nxb2 29.Qf3
Nd3 30.Rd1 Ne5 31.Qf4 Bxc3 32.d6 Qd7 33.Rd5 Nd3 34.Qf3 c4 35.Qe3 Be6 36.Rg5 b4
37.Ra5 b3 38.Ra7 Qxd6 39.Rb1 Bd4 {#R} 0-1

[Event "Simultan"]
[Site "masterchessopen.com - Zuerich (Switzweland)"]
[Date "2009.08.23"]
[Round "1"]
[White "Karpov Anatoly (RUS)"]
[Black "Nueesch G (SUI)"]
[Result "0-1"]
[WhiteElo "2644"]
[BlackElo "2319"]

1.d4 Nf6 2.c4 c5 3.d5 e6 4.Nc3 exd5 5.cxd5 d6 6.g3 g6 7.Bg2 Bg7 8.Nf3 O-O
9.O-O a6 10.a4 Re8 11.Nd2 Nbd7 12.Nc4 Ne5 13.Nxe5 Rxe5 14.Bf4 Re8 15.Qc2 b6
16.Rab1 Nh5 17.Bd2 Bd7 18.b4 c4 19.Rfe1 b5 20.axb5 axb5 21.Ra1 Rxa1 22.Rxa1
Rxe2 23.Nxe2 Bxa1 24.Nc3 Qa8 25.Qc1 Ng7 26.h3 Nf5 27.Kh2 Nd4 28.Be3 Nb3 29.Qe1
f5 30.Bf3 Qe8 31.Ne2 Be5 32.Qd1 Kf7 33.Nf4 Qa8 34.Ne6 Qa1 35.Qe2 Qb2 36.Qd1 c3
37.Ng5+ Kg8 {#R} 0-1

[Event "It (open)"]
[Site "masterchessopen.com - Collado Villalba (Spain)"]
[Date "2009.08.25"]
[Round "5"]
[White "Zanoletty Garcia David (ESP)"]
[Black "Semprun Martinez Fernando (ESP)"]
[Result "0-1"]
[WhiteElo "2014"]
[BlackElo "2179"]

1.d4 Nf6 2.c4 c5 3.d5 e6 4.Nc3 exd5 5.cxd5 d6 6.g3 g6 7.Bg2 Bg7 8.Nf3 O-O
9.O-O Re8 10.Nd2 a6 11.a4 Nbd7 12.h3 Rb8 13.a5 b5 14.axb6 Nxb6 15.e4 Qe7
16.Kh2 Nfd7 17.f4 f5 18.Re1 Qf7 19.Nf3 h6 20.e5 dxe5 21.fxe5 Nxe5 22.Nxe5 Bxe5
23.Bxh6 Nc4 24.Rxe5 Nxe5 25.Bf4 Rxb2 26.Na4 Rf2 27.Kg1 Rxg2+ 28.Kxg2 Bb7
29.Bxe5 Bxd5+ 30.Kh2 Rxe5 31.Nxc5 Qe7 32.Qc1 Re2+ 33.Kg1 Rg2+ {#R} 0-1

[Event "Ch Serbia (team)"]
[Site "masterchessopen.com - Kragujevac (Serbia)"]
[Date "2009.09.03"]
[Round "3"]
[White "Ilincic Zlatko (SRB)"]
[Black "Leskur Dejan (SRB)"]
[Result "1-0"]
[WhiteElo "2479"]
[BlackElo "2441"]

1.d4 Nf6 2.c4 c5 3.d5 g6 4.Nc3 Bg7 5.g3 O-O 6.Bg2 d6 7.Nf3 e6 8.O-O exd5
9.cxd5 Re8 10.Nd2 a6 11.a4 Nbd7 12.a5 b5 13.axb6 Nxb6 14.e4 Ng4 15.Nb3 f5
16.Na5 Qc7 17.h3 Nf6 18.exf5 Bxf5 19.g4 Bd7 20.Bf4 Bb5 21.Re1 Rxe1+ 22.Qxe1
Re8 23.Qd1 Nfd7 24.Nxb5 axb5 25.Qb3 b4 26.Nc6 Nc8 27.Qc2 Qb7 28.Rd1 Ne5 29.b3
Qf7 30.Bg3 Nf3+ 31.Kh1 Ne1 32.Qa2 Bc3 33.Qa6 Rf8 34.Qe2 Re8 35.Be4 Nb6 36.f3
{#r} 1-0

[Event "It (open) \"]
[Site "masterchessopen.com - Nuernberg (Germany)"]
[Date "2009.09.06"]
[Round "7"]
[White "Kersten Uwe (GER)"]
[Black "Braun Arik (GER)"]
[Result "0-1"]
[WhiteElo "2294"]
[BlackElo "2529"]

1.d4 Nf6 2.c4 e6 3.g3 c5 4.d5 exd5 5.cxd5 d6 6.Nc3 g6 7.Bg2 Bg7 8.Nf3 O-O
9.O-O a6 10.a4 Nbd7 11.Nd2 Re8 12.Nc4 Ne5 13.Nxe5 Rxe5 14.Bf4 Re7 15.Qd2 Rb8
16.e4 b5 17.axb5 axb5 18.Rfe1 Ng4 19.Bg5 f6 20.Bf4 g5 21.Be3 Qe8 22.f3 Nxe3
23.Rxe3 f5 24.Ree1 b4 25.Ne2 fxe4 26.fxe4 h6 27.Nc1 c4 28.Ne2 Qb5 29.Kh1 Qc5
30.Rf1 Bd7 31.h4 c3 32.bxc3 bxc3 33.Qc1 Bg4 34.Bf3 Bh3 35.hxg5 Bxf1 36.Qxf1
hxg5 37.Ra6 Rf7 38.Qg2 Qe3 39.Bg4 Rb1+ {#R} 0-1

[Event "Czech League 2009/10 (1st) East"]
[Site "masterchessopen.com - Czech Republic"]
[Date "2009.10.11"]
[Round "1"]
[White "Varejcko Josef (CZE)"]
[Black "Pertlova Sona (CZE)"]
[Result "1-0"]
[WhiteElo "2267"]
[BlackElo "2227"]

1.d4 Nf6 2.g3 c5 3.d5 e6 4.c4 d6 5.Bg2 exd5 6.cxd5 g6 7.Nc3 Bg7 8.Nf3 O-O
9.O-O a6 10.a4 Re8 11.Nd2 Nbd7 12.Nc4 Ne5 13.Nxe5 Rxe5 14.a5 Re8 15.Re1 Rb8
16.Qd3 b5 17.axb6 Rxb6 18.Ra4 Bd7 19.Rxa6 Bf5 20.Qc4 Ng4 21.Rxb6 Qxb6 22.Qb5
Qd8 23.Bg5 f6 24.Bf4 Ne5 25.Ra1 g5 26.Bxe5 Rxe5 27.Qc6 Re8 28.e4 Bg6 29.Nb5
Bf8 30.Nc7 Re7 31.Ne6 Qe8 32.Qxe8 Rxe8 33.Ra7 Be7 34.Rd7 Kf7 35.Rb7 Ra8 36.f4
Ra1+ 37.Kf2 Rc1 38.Bf3 g4 39.Bxg4 Bxe4 40.f5 Bxd5 41.Bh5+ {#r} 1-0

[Event "Ch Croatia (team) (3rd league)"]
[Site "masterchessopen.com - Zagreb (Croatia)"]
[Date "2009.10.11"]
[Round "10"]
[White "Medic Mirjana (CRO)"]
[Black "Bazant Jurica (CRO)"]
[Result "1-0"]
[WhiteElo "2306"]
[BlackElo "2159"]

1.d4 Nf6 2.c4 g6 3.Nf3 Bg7 4.g3 c5 5.d5 d6 6.Bg2 O-O 7.Nc3 e6 8.O-O exd5
9.cxd5 a6 10.a4 Re8 11.Nd2 Nbd7 12.Nc4 Ne5 13.Nxe5 Rxe5 14.e4 Rb8 15.Qd3 Re8
16.h3 Qc7 17.Be3 Bd7 18.a5 b5 19.axb6 Rxb6 20.Rxa6 Rxb2 21.Rc1 Qb8 22.e5 Rxe5
23.Bf4 Rf5 24.Bxd6 Rfxf2 25.Bf1 Qe8 26.Bxc5 Rfd2 27.Qe3 Qc8 28.Rxf6 Bxf6
29.Ne4 Bg7 30.Nxd2 h5 31.Nf3 Qb8 32.d6 Bc6 33.Rd1 {#r} 1-0

[Event "Ch Europe (team) (w)"]
[Site "masterchessopen.com - Novi Sad (Serbia)"]
[Date "2009.10.29"]
[Round "8"]
[White "Bensdorp Marlies (NED)"]
[Black "Sandu Mihaela (ROM)"]
[Result "0-1"]
[WhiteElo "2334"]
[BlackElo "2312"]

1.d4 Nf6 2.c4 g6 3.Nf3 Bg7 4.g3 O-O 5.Bg2 c5 6.d5 d6 7.O-O e6 8.Nc3 exd5
9.cxd5 a6 10.a4 Re8 11.Nd2 Nbd7 12.Nc4 Ne5 13.Na3 Rb8 14.h3 Nh5 15.e4 Bd7
16.g4 Qh4 17.gxh5 Bxh3 18.Ne2 Bg4 19.f3 Nxf3+ 20.Bxf3 Rxe4 21.Bf4 Bxf3 22.Rxf3
Rbe8 23.Bg3 Qg4 24.Nc3 Bd4+ 25.Kg2 Bxc3 26.bxc3 Re2+ 27.Rf2 f5 28.Ra2 Rxf2+
29.Rxf2 Qxd1 30.hxg6 Qxd5+ 31.Kh2 hxg6 32.Nc2 Qd3 33.Rg2 Re2 {#R} 0-1

[Event "Ch World (juniors) (under 18)"]
[Site "masterchessopen.com - Kemer (Turkey)"]
[Date "2009.11.22"]
[Round "11"]
[White "Bogner Sebastian (GER)"]
[Black "Durarbeyli Vasif (AZE)"]
[Result "0-1"]
[WhiteElo "2505"]
[BlackElo "2447"]

1.d4 Nf6 2.c4 e6 3.g3 c5 4.d5 exd5 5.cxd5 d6 6.Nc3 g6 7.Bg2 Bg7 8.Nf3 O-O
9.O-O Re8 10.Nd2 a6 11.a4 Nbd7 12.h3 Qc7 13.Nc4 Ne5 14.Na3 Nh5 15.Kh2 Qe7
16.a5 g5 17.Qd2 h6 18.b3 f5 19.Bb2 g4 20.Na4 f4 21.Nb6 Qg5 22.gxf4 g3+ 23.Kh1
Qh4 24.Nxc8 Ng4 25.f3 Nf2+ 26.Rxf2 gxf2 27.Bxg7 Rxe2 {#R} 0-1